Bibliografía sobre plantas de interes economico de la region amazonica (Record no. 27010)

MARC details
000 -LEADER
fixed length control field 00821nam a22002177a 4500
005 - DATE AND TIME OF LATEST TRANSACTION
control field 20150124122847.0
008 - FIXED-LENGTH DATA ELEMENTS--GENERAL INFORMATION
fixed length control field 111108t cr||||| |||| 00| 0 spa d
020 ## - INTERNATIONAL STANDARD BOOK NUMBER
International Standard Book Number 0301438X
050 04 - LIBRARY OF CONGRESS CALL NUMBER
Classification number QK556.8
Item number V55 1978
100 1# - MAIN ENTRY--PERSONAL NAME
Personal name Villegas, Carmen
Relator term comp.
245 10 - TITLE STATEMENT
Title Bibliografía sobre plantas de interes economico de la region amazonica
Statement of responsibility, etc / Carmen Villegas
250 ## - EDITION STATEMENT
Edition statement 2a ed.
260 ## - PUBLICATION, DISTRIBUTION, ETC. (IMPRINT)
Place of publication, distribution, etc Costa Rica :
Name of publisher, distributor, etc Documentación e información agrícola,
Date of publication, distribution, etc 1978
300 ## - PHYSICAL DESCRIPTION
Extent 167 p. :
Other physical details il. ;
Dimensions 27 cm.
504 ## - BIBLIOGRAPHY, ETC. NOTE
Bibliography, etc Incluye índices
650 #7 - SUBJECT ADDED ENTRY--TOPICAL TERM
Source of heading or term LEMB:
Topical term or geographic name as entry element Plantas conservación de especimenes
General subdivision Herbarios
650 #7 - SUBJECT ADDED ENTRY--TOPICAL TERM
Source of heading or term LEMB.
Topical term or geographic name as entry element Plantas y civilización
General subdivision Botanica economica
710 2# - ADDED ENTRY--CORPORATE NAME
Corporate name or jurisdiction name as entry element Centro Interamericano de Documentación e Información Agricola
710 2# - ADDED ENTRY--CORPORATE NAME
Corporate name or jurisdiction name as entry element Biblioteca y Terminal de Servicios
942 ## - ADDED ENTRY ELEMENTS (KOHA)
Source of classification or shelving scheme Clasificación Decimal Dewey
Koha item type Libro
Holdings
Estado de pérdida Fuente de clasificación Estado del daño No para préstamo Ubicación permanente Ubicación actual Apartado o colección Fecha de adquisición Edición Dependencia de educación superior (DES) Área del conocimiento Clasificación Código de Barras Date last seen Número de copia Costo por reposición Tipo de recurso
  Biblioteca del Cogreso de los Estados Unidos   Consulta Biblioteca de la Facultad de Ingeniería en Tecnología de la Madera Biblioteca de la Facultad de Ingeniería en Tecnología de la Madera General 08/11/2011 1a ed. Ingeniería y Arquitectura Ingeniería y Tecnología QK556.8 V55 1978 BTM000006030 16/01/2015 1 1.00 Libro